Landscapes and the law: (Record no. 167320)

MARC details
000 -LEADER
fixed length control field 00674nam a22001937a 4500
005 - DATE AND TIME OF LATEST TRANSACTION
control field 20200828144048.0
010 ## - LCCN (DPL NO)
LC control number ENG-126334
020 ## - INTERNATIONAL STANDARD BOOK NUMBER
Terms of availability 1195.00
International Standard Book Number 978-0-19-949974-8
035 ## - SYSTEM CONTROL NUMBER
System control number EN-109866
037 ## - SOURCE OF ACQUISITION
Source of stock number/acquisition DBAD/PUB
082 ## - DEWEY DECIMAL CLASSIFICATION NUMBER
Classification number 954.80049481
100 ## - MAIN ENTRY--PERSONAL NAME
Personal name Cederlof, Gunnel
245 ## - TITLE STATEMENT
Title Landscapes and the law:
Statement of responsibility, etc by Gunnel Cederlof
Remainder of title Environmental Politics, Regional Histories, and Contests over Nature/
260 ## - PUBLICATION, DISTRIBUTION, ETC. (IMPRINT)
Place of publication, distribution, etc New Delhi
Name of publisher, distributor, etc Oxford University Press
Date of publication, distribution, etc 2019
270 ## - ADDRESS
City Daryaganj
Postal code 110002
Address 2/11 Ground Floor, Ansari Road
300 ## - PHYSICAL DESCRIPTION
Extent xxiii294p.
Dimensions 22cm(pbk)
500 ## - GENERAL NOTE
General note Includes index and bibliography.
942 ## - ADDED ENTRY ELEMENTS (KOHA)
Source of classification or shelving scheme Dewey Decimal Classification
Item type English Books
Classification part 954.80049481
Call number suffix CED
Holdings
Withdrawn status Lost status Not for loan Collection code Home library Current library Date acquired Source of acquisition Cost, normal purchase price Full call number Barcode Copy number Cost, replacement price Koha item type
      Non-fiction Sarojini Nagar Sarojini Nagar 28/08/2019 DBAD/PUB 1195.00 954.80049481 CED EN-109866 1 1195.00 English Books

© Delhi Public Library
Hit Counter
free hit counter